[Event "La Paz Clasification op 1st"]
[Site "La Paz"]
[Date "2018.02.01"]
[Round "2"]
[White "Vera Sanchez, Pavel Genaro"]
[Black "Layme Garcia, Ivan Alejandro"]
[Result "1-0"]
[WhiteElo "2165"]
[BlackElo "1735"]
[PlyCount "99"]
[EventDate "2018.02.01"]
[EventType "swiss"]
[EventRounds "8"]
[EventCountry "BOL"]
[SourceTitle "CBM 182 Extra"]
[Source "ChessBase"]
[SourceDate "2018.02.23"]
[SourceVersion "1"]
[SourceVersionDate "2018.02.23"]
[SourceQuality "1"]

1. e4 c5 2. Nc3 d6 3. g3 g6 4. Bg2 Bg7 5. d3 Nc6 6. Be3 Bd7 7. Qd2 a6 8. Nge2 e6 9. h3 Nge7 10. Bh6 0-0 11. h4 Nd4 12. Bxg7 Kxg7 13. h5 Rh8 14. 0-0-0 h6 15. f4 f5 16. hxg6 Bc6 17. Nxd4 cxd4 18. Ne2 e5 19. g4 fxg4 20. f5 Nxf5 21. exf5 Bxg2 22. Nxd4 Bd5 23. Ne6+ Bxe6 24. fxe6 Qg5 25. Qxg5 hxg5 26. d4 Rxh1 27. Rxh1 exd4 28. Rd1 Kxg6 29. Rxd4 Kf6 30. Rxd6 Re8 31. e7+ Kf7 32. Rd5 Rxe7 33. Rxg5 Re4 34. Kd2 Kf6 35. Rg8 Kf5 36. Kd3 Rb4 37. b3 Kf4 38. c4 Kf3 39. Rf8+ Kg2 40. Rf6 a5 41. Kc3 b5 42. a3 g3 43. axb4 axb4+ 44. Kxb4 bxc4 45. bxc4 Kg1 46. Rg6 g2 47. c5 Kf2 48. c6 g1Q 49. Rxg1 Kxg1 50. c7 1-0